000 00405pab a2200133 454500
008 180718b xxu||||| |||| 00| 0 eng d
100 _aKhator, Renu
245 _aEnvironmental management and streel level regulators: a culluiral trap
650 _aEnvironment Management
700 _aKathleen, Chan, Hon S.
700 _aKathleen, N.G
773 _aPublic Administrational and Development
909 _a22989
999 _c22989
_d22989